000 01711cam a22004217a 4500
003 CHAP
005 20220329142309.0
008 000523d2000 mx ab r 00110 spa d
010 _a81238
011 _a82210
035 _a92698
040 _cCHAP
090 _aTesis
100 0 0 _aSegura Ramírez, Oscar.
_9103662
245 1 0 _aEvaluación de algunas variables morfológicas y fisiológicas para determinar la calidad de brinzales de Pinus pseudostrobus Lindl. y Pinus leiophylla Schl. et Cham., producidos en tres tamaños de envases rígidos
_c/por Oscar Segura Ramírez y José Leonardo García Rodríguez
260 _aChapingo, Méx. :
_bEl autor,
_c2000.
300 _a145 h. :
_bilus. ; gráfs. ; mapa ; anexo ; diag.
502 _aTesis (Ing. Forestal) -- UACH. División de Ciencias Forestales
590 _aALEPH
_b10
_c20130110
_lUCH01
_h1435
590 _aBATCH-UPD
_b10
_c20130110
_lUCH01
_h0009
590 _aBATCH-UPD
_b10
_c20130110
_lUCH01
_h0406
590 _aBATCH-UPD
_b10
_c20130110
_lUCH01
_h2101
590 _aBATCH-UPD
_b10
_c20130409
_lUCH01
_h1946
590 _aBATCH-UPD
_b10
_c20130410
_lUCH01
_h1024
590 _aBATCH-UPD
_b10
_c20130914
_lUCH01
_h1530
590 _aCONVERSION
_b10
_c20130109
_lUCH01
_h1345
650 1 4 _aInvernaderos.
_960172
650 1 4 _aPináceas
_xFisiología y morfología.
_988236
650 1 4 _aPináceas
_xPropagación.
_988260
650 1 4 _aPinus leiophylla.
_988346
650 1 4 _aPinus pseudostrobus.
_988361
700 0 _aGarcía Rodríguez, José Leonardo.
_946533
901 _aBK
905 _aGuadalupe Pinto C.
942 _cFOLL
949 _bBC
_cTES
_d33724000774717
_eTS2
_fc.2
_h36348
_i92698
_si
949 _bBC
_cTES
_d926981
_eTS1
_h36347
_i92698
_sb
999 _c81238
_d81238